| 000 | 01435cam a22003254a 4500 | ||
|---|---|---|---|
| 001 | 12552369 | ||
| 003 | ARRUPE | ||
| 005 | 20140910103744.0 | ||
| 008 | 011001s2002 nyu b 000 0 eng | ||
| 010 | _a 2001052143 | ||
| 020 | _a1565481690 | ||
| 040 |
_aDLC _cDLC _dDLC |
||
| 041 | 1 |
_aeng _hfre |
|
| 042 | _apcc | ||
| 050 | 0 | 0 |
_aBX2350.3 _b.T4513 2001 |
| 082 | 0 | 0 |
_a248.4/82 _221 |
| 100 | 1 |
_aTeilhard de Chardin, Pierre. _911124 |
|
| 240 | 1 | 0 |
_aWorks. _kSelections. _lEnglish. _f2002 |
| 245 | 1 | 0 |
_aReconciliation in Christ : _bselected spiritual writings / _cTeilhard de Chardin ; introduced and edited by Jean Maalouf. |
| 260 |
_aHyde Park, NY : _bNew City Press, _cc2001 |
||
| 300 |
_a200 p. ; _c22 cm. |
||
| 504 | _aIncludes bibliographical references (p. 192-199). | ||
| 505 | 1 | _aReconciling the two faiths -- Reconciling spirit and matter -- Reconciling the within and the without -- Reconciling science and religion -- Convergence -- Union -- Unification through love -- Synthesis -- Reconciliation in Christ -- Communion. | |
| 650 | 0 |
_aSpiritual life _xCatholic Church. _911125 |
|
| 650 | 0 |
_aReconciliation _xReligious aspects _xCatholic Church. _911126 |
|
| 700 | 1 |
_aMaalouf, Jean. _911127 |
|
| 906 |
_a7 _bcbc _corignew _d1 _eocip _f20 _gy-gencatlg |
||
| 942 |
_2lcc _cMONOGRAPH |
||
| 999 |
_c120795 _d120795 |
||